00325nam a2200109Ia 4500008004100000082001500041100002000056245009200076260002300168300000800191650001600199191201s2005 xx 000 0 und d a519.2bTRP aTRIVEDI, Kishor 0aProbability and Statistics with Reliability, Queuing, and Computer Science Applications aN.DelhibPHIc2005 a624 aB.Tech(CSE)